01735nac a22004697a 4500001001000000003000900010005001700019008003400036040005400070072001300124090001900137100001500156100001700171100001800188100002200206100002100228100001900249100001800268110009800286245010400384260004000488300001000528490014500538500011900683650001200802650000900814650001000823650001100833650001100844650001100855650001300866650001000879650000900889650001100898650001000909650001000919650002300929909004700952942001700999999001901016952023001035BR8108164BR-BrBNA20240105115144.0230509b bl.|||m| |||| 00| 0 por d aBR-BrBNAbporcBiblioteca Nacional de Agricultura aF00; E70 a0430 BR81081641 aMori, A.S.1 aBrasil, A.R.1 aPedroso, A.G.1 aOliveira, E.G. de1 aSouza, O.B.M. de1 aJesus, R.F. de1 aRibeiro, S.A.1 aComissao Estadual de Planejamento Agricola de Mato Grosso do Sul, Campo Grande (Brasil)920301 aRelatorio de acompanhamento conjuntural. Informe sistematico, julho/81 [Mato Grosso do Sul, Brasil]3 aCampo Grande, MS (Brasil): c1981.  a88 p. aRelatorio de Acompanhamento Conjuntural. Informe Sistematico - Comissao Estadual de Planejamento Agricola de Mato Grosso do Sul (Brazil)vx a(*) Documento disponível na(o) Comissao Estadual de Planejamento Agricola de Mato Grosso do Sul, Cuiaba (Brazil) aALGODAO aALHO aARROZ aBATATA aCEBOLA aFEIJAO aMANDIOCA aMILHO aSOJA aTOMATE aTRIGO aSAFRA aMATO GROSSO DO SUL a202312bLúcia Elandec55dLúcia Elande 2AGRISn0cMS c273362d273362 002AGRIS40728Acervo Gerala41918b41918cAGROBASEl0r2023-12-18yMSz(*) Documento disponível na(o) Comissao Estadual de Planejamento Agricola de Mato Grosso do Sul, Cuiaba (Brazil)ePortaria Interministerial nº 164/94